000 00481nam a2200181 a 4500
001 3920
003 CO-ViMGA
008 141112s2004 ck r 000 u spa d
040 _aCO-ViMGA
_bspa
_cCO-ViMGA
082 0 4 _a986.1076 T471
100 1 _aTirado Mejía, Alvaro
245 1 0 _aSobre historia y literatura
260 _aSantafé de Bogotá ; Lealon,
_c1991
300 _a287 p
490 _aHistoria, 1
650 1 4 _aCOLOMBIA - HISTORIA CONTEMPORANEA
_95114
942 _2ddc
_cBK
999 _c15938
_d15938